| Tag |
First Indicator |
Second Indicator |
Subfields |
| LEADER |
00000cam a2200000 4500 |
| 001 |
in00003812708 |
| 005 |
20190415185605.0 |
| 006 |
m o d |
| 007 |
cr |n||||||||n |
| 008 |
881207s1775 wlk|||| o 00||||wel c |
| 035 |
|
|
|a (CU-RivES)T186514
|
| 035 |
|
|
|a (Uk-ES)006281206
|
| 035 |
|
|
|a (OCoLC)509424856
|
| 040 |
|
|
|a Uk-ES
|c Uk-ES
|d CStRLIN
|d Cengage Gale
|d UtOrBLW
|
| 100 |
1 |
|
|a Rhys, Morgan,
|d 1716-1779.
|0 http://id.loc.gov/authorities/names/n88140617
|
| 245 |
1 |
0 |
|a Golwg o Ben Nebo :
|b Ar wlad yr addewid; mewn casgliad o bigion hymnau, am gwymp dyn yn yr adda cyntaf, a'i gyfodiad yn yr ail adda. Wedi eu trefnu a'u diwyglo allan o'r ail argraffiad; ynghyd a rhai caniadau newyddion, na buant argraffedig o'r blean. Gan Morgan Rhys.
|
| 264 |
|
1 |
|a Caerfyrddin :
|b Argraffwyd gan Ioan Ross,
|c 1775.
|
| 300 |
|
|
|a 1 online resource (84 pages)
|
| 336 |
|
|
|a text
|b txt
|2 rdacontent
|
| 337 |
|
|
|a computer
|b c
|2 rdamedia
|
| 338 |
|
|
|a online resource
|b cr
|2 rdacarrier
|
| 510 |
4 |
|
|a English Short Title Catalog,
|c T186514.
|
| 500 |
|
|
|a Reproduction of original from Bodleian Library (Oxford).
|
| 500 |
|
|
|a Electronic resource.
|
| 650 |
|
0 |
|a Hymns, Welsh
|v Early works to 1800.
|
| 655 |
|
7 |
|a Electronic books.
|2 local
|
| 655 |
|
7 |
|a Hymns.
|2 rbgenr
|
| 710 |
2 |
|
|a Gale (Firm)
|0 http://id.loc.gov/authorities/names/no2008071348
|
| 752 |
|
|
|a Great Britain
|b Wales
|d Carmarthen.
|
| 856 |
4 |
0 |
|u http://proxy.library.tamu.edu/login?url=http://find.galegroup.com/ecco/infomark.do?contentSet=ECCOArticles&docType=ECCOArticles&bookId=1624200400&type=getFullCitation&tabID=T001&prodId=ECCO&docLevel=TEXT_GRAPHICS&version=1.0&source=library&userGroupName=txshracd2898
|z Connect to the full text of this electronic book
|t 0
|
| 999 |
f |
f |
|s 871d6914-8898-3714-ac1a-39df4ce8a9c3
|i 9ea07af6-0d9a-38ed-b901-e40719da95f5
|t 0
|
| 952 |
f |
f |
|a Texas A&M University
|b College Station
|c Electronic Resources
|d Available Online
|t 0
|h No information provided
|
| 998 |
f |
f |
|t 0
|l Available Online
|